<?xml version="1.0" encoding="UTF-8"?>
<record
    xmlns:xsi="http://www.w3.org/2001/XMLSchema-instance"
    xsi:schemaLocation="http://www.loc.gov/MARC21/slim http://www.loc.gov/standards/marcxml/schema/MARC21slim.xsd"
    xmlns="http://www.loc.gov/MARC21/slim">

  <leader>00673nam a22001697a 4500</leader>
  <controlfield tag="008">150817b        xxu||||| |||| 00| 0 eng d</controlfield>
  <datafield tag="082" ind1=" " ind2=" ">
    <subfield code="a">709.040.755</subfield>
    <subfield code="b">B891e</subfield>
  </datafield>
  <datafield tag="100" ind1=" " ind2=" ">
    <subfield code="a">Bruguera, Tania</subfield>
    <subfield code="9">3275</subfield>
  </datafield>
  <datafield tag="245" ind1=" " ind2=" ">
    <subfield code="a">Tania Bruguera </subfield>
    <subfield code="b">Esercizio di resistenza : Torino : 27.11.2003-24.01.2004</subfield>
    <subfield code="c">Tania Bruguera, Roberto Pinto [curador]</subfield>
  </datafield>
  <datafield tag="260" ind1=" " ind2=" ">
    <subfield code="a">Torino</subfield>
    <subfield code="b">Franco Soffiantino arte contemporaena</subfield>
    <subfield code="c">[2003]</subfield>
  </datafield>
  <datafield tag="300" ind1=" " ind2=" ">
    <subfield code="a">79 p. ;</subfield>
    <subfield code="b">ill (some col.)</subfield>
    <subfield code="c">18 cm</subfield>
  </datafield>
  <datafield tag="500" ind1=" " ind2=" ">
    <subfield code="a">Texto en idioma italiano.</subfield>
  </datafield>
  <datafield tag="600" ind1=" " ind2=" ">
    <subfield code="a">Bruguera, Tania</subfield>
    <subfield code="v">Exhibiciones</subfield>
    <subfield code="9">3276</subfield>
  </datafield>
  <datafield tag="650" ind1=" " ind2=" ">
    <subfield code="a">Arte-Representaci&#xF3;n (performance)</subfield>
    <subfield code="z">Torino-Italia</subfield>
    <subfield code="9">3277</subfield>
  </datafield>
  <datafield tag="650" ind1=" " ind2=" ">
    <subfield code="a">Arte Moderno</subfield>
    <subfield code="9">145</subfield>
  </datafield>
  <datafield tag="700" ind1=" " ind2=" ">
    <subfield code="a">Pinto, Roberto [curador]</subfield>
    <subfield code="9">3278</subfield>
  </datafield>
  <datafield tag="999" ind1=" " ind2=" ">
    <subfield code="c">715</subfield>
    <subfield code="d">715</subfield>
  </datafield>
  <datafield tag="952" ind1=" " ind2=" ">
    <subfield code="0">0</subfield>
    <subfield code="1">0</subfield>
    <subfield code="2">ddc</subfield>
    <subfield code="4">0</subfield>
    <subfield code="7">0</subfield>
    <subfield code="a">LV</subfield>
    <subfield code="b">LV</subfield>
    <subfield code="c">Monograf&#xED;as</subfield>
    <subfield code="d">2015-08-17</subfield>
    <subfield code="l">0</subfield>
    <subfield code="o">709.040.755 B891e</subfield>
    <subfield code="p">000667</subfield>
    <subfield code="r">2015-08-17 00:00:00</subfield>
    <subfield code="w">2015-08-17</subfield>
    <subfield code="y">01</subfield>
  </datafield>
</record>
